000 00528nam a2200217Ia 4500
003 OSt
005 20221005124641.0
006 a|||||r|||| 00| 0
007 ta
008 221004b |||||||| |||| 00| 0 eng d
024 _a118388
037 _cTextual
040 _aCRL
_cCRL
_beng
041 _2eng
_aeng
100 _aKaturia Sunder Lal
_9635583
245 0 _aNatakkaar Mohan Rakesh
260 _c1974
650 _aHINDI LITERATURE
_923866
942 _cTEXL
_2cc
999 _c1051142
_d1051142